000
00258nam a2200097Ia 4500
001
1067307
005
20250827001809.0
008
250824s9999 xx 000 0 und d
245
0
_a
KORKU KÜLTÜRÜ
_c
DOĞAN CÜCELOĞLU
260
_b
REMZİ KİTABEVİ YAYINLARI
999
_c
1067307
_d
1067307